000 01330namaa22003131i 4500
005 20260228132812.0
008 260203s1995 ua a|||frm||| 000 0 eng d
040 _aEG-GICUC
_beng
_cEG-GICUC
_dEG-GICUC
_erda
041 0 _aeng
_beng
_bara
049 _aDeposit
097 _aM.Sc
099 _aCai01.13.05.M.Sc.1995.Ah.A
100 0 _aAhmed F. Saied,
_epreparation.
245 1 0 _aAnalysis of car ownership and usein greater cairo using disaggregate logit models /
_cBy Ahmed F. Saied ; Supervisors Prof. Dr. Ali S. Huzayyin, Assoc. Prof. Khaled G. Abdel Nasser.
246 1 5 _aتحليل مليكة السيارات واستخدامها في القاهرة الكبري باستخدام نماذج لو جيت
264 0 _c1995.
300 _a172 pages
_billustrations
_c30 cm. +
336 _2rda content
_atext
337 _2rdamedia
_aUnmediated
338 _2rdacarrier
_avolume
502 _aThesis (M.Sc.)-Cairo University, 1995.
504 _aBibliography: pages 171-172
653 0 _aAnalysis of car ownership
700 0 _aAli S. Huzayyin
_ethesis advisor.
700 0 _aKhaled G. Abdel Nasser
_ethesis advisor.
900 _DDepartment of Civil Engineering
_FFaculty of Engineering
_UCairo University
_b1995
_cAli S. Huzayyin
_cKhaled G. Abdel Nasser
905 _aNehad
_eNourhan
942 _2ddc
_cTH
_e21
_n0
999 _c178142